| 000 | 01153nac a22003251i 4500 | ||
|---|---|---|---|
| 003 | EG-ScBUE | ||
| 005 | 20260105095529.0 | ||
| 006 | m||||fq||h 00| 0 | ||
| 008 | 260105t1995 nyua g b 001 0 eng d | ||
| 020 | _a3540588752 | ||
| 020 | _a9783540588757 | ||
| 040 |
_aEG-ScBUE _beng _erda _cEG-ScBUE _dEG-ScBUE |
||
| 082 | 0 | 4 |
_a530.120285574 _bHOR _222 |
| 100 | 1 |
_aHorbatsch, Marko, _eauthor. |
|
| 245 | 1 | 0 |
_aQuantum mechanics using maple / _cMarko Horbatsch. |
| 264 | 1 |
_aNew York : _bSpringer, _c[1995] |
|
| 264 | 4 | _cc1995 | |
| 300 |
_ax, 331 pages : _billustrations ; _c25 cm + _e1 cd |
||
| 336 |
_2rdacontent _atext _btxt |
||
| 336 |
_2rdacontent _asounds _bsnd |
||
| 337 |
_aunmediated _2rdamedia _bn |
||
| 337 |
_aaudio _2rdamedia _bs |
||
| 338 |
_avolume _bnc _2rdacarrier |
||
| 338 |
_acomputer disc _bcd _2rdacarrier |
||
| 504 | _aIncludes bibliographical references and index. | ||
| 538 | _aSystem requirements for accompanying computer disk: 486-based IBM-compatible PC, Macintosh, Unix workstation running Maple V Release 3. | ||
| 650 | 7 |
_aQuantum theory _xData processing. _2BUEsh |
|
| 655 | _vReading book | ||
| 942 |
_cBB _2ddc |
||
| 999 |
_c3811 _d3811 |
||